A mastery approach to Microsoft Word 2.0 for Windows / (Record no. 9763)
[ view plain ]
| 000 -LEADER | |
|---|---|
| fixed length control field | 00944nam a2200277 4500 |
| 001 - CONTROL NUMBER | |
| control field | 4380604 |
| 005 - DATE AND TIME OF LATEST TRANSACTION | |
| control field | 20150609094206.0 |
| 008 - FIXED-LENGTH DATA ELEMENTS--GENERAL INFORMATION | |
| fixed length control field | 000 |
| 010 ## - LIBRARY OF CONGRESS CONTROL NUMBER | |
| LC control number | 91043593 |
| 020 ## - INTERNATIONAL STANDARD BOOK NUMBER | |
| International Standard Book Number | 1561184896 : |
| Terms of availability | $28.95 |
| 040 ## - CATALOGING SOURCE | |
| Original cataloging agency | UOEL |
| Transcribing agency | DLC |
| Modifying agency | DLC |
| 050 00 - LIBRARY OF CONGRESS CALL NUMBER | |
| Classification number | Z52.5.M523 |
| Item number | R88 1993 |
| 082 00 - DEWEY DECIMAL CLASSIFICATION NUMBER | |
| Classification number | 652.5/536 |
| Edition number | 20 |
| 100 1# - MAIN ENTRY--PERSONAL NAME | |
| Personal name | Rutkosky, Nita Hewitt. |
| 245 12 - TITLE STATEMENT | |
| Title | A mastery approach to Microsoft Word 2.0 for Windows / |
| Statement of responsibility, etc | Nita Hewitt Rutkosky, Cheryl Bruns. |
| Remainder of title | instructors guide |
| 260 ## - PUBLICATION, DISTRIBUTION, ETC. (IMPRINT) | |
| Place of publication, distribution, etc | St. Paul, MN : |
| Name of publisher, distributor, etc | Paradigm, |
| Date of publication, distribution, etc | c1994 |
| 300 ## - PHYSICAL DESCRIPTION | |
| Extent | 720 p. : |
| Other physical details | ill. ; |
| Dimensions | 28 cm. |
| 500 ## - GENERAL NOTE | |
| General note | Includes index. |
| General note | "Order number: 01136"--Cover. |
| 630 00 - SUBJECT ADDED ENTRY--UNIFORM TITLE | |
| Uniform title | Microsoft Word. |
| 650 #0 - SUBJECT ADDED ENTRY--TOPICAL TERM | |
| Topical term or geographic name as entry element | Word processing. |
| General subdivision | Books |
| 700 1# - ADDED ENTRY--PERSONAL NAME | |
| Personal name | Bruns, Cheryl. |
| 906 ## - LOCAL DATA ELEMENT F, LDF (RLIN) | |
| a | 7 |
| b | cbc |
| c | orignew |
| d | 1 |
| e | ocip |
| f | 19 |
| g | y-gencatlg |
| 942 ## - ADDED ENTRY ELEMENTS (KOHA) | |
| Source of classification or shelving scheme | Library of Congress Classification |
| Item type | Loan - Normal on open shelf |
| Withdrawn status | Lost status | Source of classification or shelving scheme | Damaged status | Not for loan | Home library | Current library | Shelving location | Date acquired | Total Checkouts | Full call number | Barcode | Date last seen | Copy number | Price effective from | Koha item type |
|---|---|---|---|---|---|---|---|---|---|---|---|---|---|---|---|
| Library of Congress Classification | UOE Main Library | UOE Main Library | Open shelf | 09/06/2015 | Z52.5.M523 R88 1993 | 20147481 | 09/06/2015 | 20147481 | 09/06/2015 | Loan - Normal on open shelf |
